| 000 | 01652nam1a22004331 4500 | ||
|---|---|---|---|
| 001 | RU\NLR\CVI\004890476 | ||
| 005 | 20260406163900.0 | ||
| 035 | _a(NLR Aleph) 004890476 | ||
| 035 | _av19\rc\1758206 | ||
| 090 |
_a13513310 _c13513310 |
||
| 100 | _a20260118 rusy50 | ||
| 101 | 0 | _arus | |
| 102 | _aRU | ||
| 105 | _a e ||||| | ||
| 200 | 1 |
_aТолковый словарь живого великорусского языка Владимира Даля _fПод ред. [и с предисл.] проф. И.А. Бодуэна-де-Куртенэ. Т. 1-4 |
|
| 205 | _a3-е изд., испр. и знач. доп. | ||
| 210 |
_aСанкт-Петербург _aМосква _cт-во М.О. Вольф _d1903-1909 _eСанкт-Петербург |
||
| 215 |
_a4 т. _d26 |
||
| 300 | _aИзд. выходило вып. | ||
| 700 | 1 |
_aДаль _bВ.И. _f1801-1872 _gВладимир Иванович |
|
| 702 | 1 |
_4340 _4080 _7ca _8rus _aБодуэн де Куртенэ _bИ. А. _f1845-1929 _gИван Александрович _9120131 _3RU\NLR\auth\7710353 |
|
| 790 | 1 |
_9z01702 _aКуртенэ _bИ.А. _f1845-1929 _gИван Александрович |
|
| 801 | 0 |
_aRU _bNLR _gpsbo |
|
| 801 | 0 |
_aRU _bRuMoRGB _2psbo |
|
| 801 | 1 |
_aRU _bProSoft-M _2rusmarc |
|
| 852 |
_aNLR _jКрI-3617 |
||
| 852 |
_aNLR _j186рус/толк.Д-15 |
||
| 852 |
_aNLR _j+Шифры разные |
||
| 899 |
_aRuMoRGB _jРб 1/877 |
||
| 899 |
_aRuMoRGB _jМК |
||
| 899 |
_aRuMoRGB _jОР |
||
| 899 | _aБАН | ||
| 899 | _aНБ СПбГУ | ||
| 899 | _aГПИБ | ||
| 899 | _aНБ МГУ | ||
| 942 | _cBOOK | ||
| 980 | _aNB | ||
| 980 | _aKRCH | ||